000 00198 a2200097 4500
020 _a9788420639819
041 _aspa
100 _aAsimov, Isaac
245 _aGrandes ideas de la ciencia
942 _cBK
999 _c10294
_d10294